000 00583nam a22002055i 4500
001 68670
003 ES-MaACL
005 20250814033433.0
007 t|
008 960827s1871 fr a |||| | fre d
040 _aCAM
_bspa
_cCAM
100 1 _aGervais, Paul.
_956512
245 1 0 _aEléments de zoologie /
_cpar M. Paul Gervais.
250 _a2e éd.
260 _aParis :
_bLibrairie Hachette,
_c1871 (
_fImp. E. Martinet)
300 _aXII, 596 p. :
_bil. ;
_c23 cm.
650 7 _aZoología
_2embne
_917868
852 _aES-MaACL
_jG-9107
999 _c68670
_d68670